El hombre social en el pensamiento de Theilhard de Chardin

Gardado en:
Detalles Bibliográficos
Autor Principal: Lucas Hernández, Juan de Sahagún (autor)
Formato: Libro
Idioma:Lingua castelá
Publicado: Barcelona Fontanella 1969
Series:Colección Pensamiento, 29
Subjects:
Tags: Engadir etiqueta
Sen Etiquetas, Sexa o primeiro en etiquetar este rexistro!

MARC

LEADER 00000nam a2200000 a 4500
001 UCT7275
003 CL-VaPUC
008 970117e19690000SP |||||||||||||||||spa|d
082 0 4 |a 194  |b SAG  |2 21 
100 |a Lucas Hernández, Juan de Sahagún  |e autor  |9 590414 
245 1 3 |a El hombre social en el pensamiento de Theilhard de Chardin 
300 |a 207 p 
942 |c BK 
945 |d 19970117 00:00:00  |a rbrito 
260 |a Barcelona  |b Fontanella  |c 1969 
600 0 7 |a TEILHARD DE CHARDIN, PIERRE  |2 CL-VaPUC  |9 315457 
650 0 |a Filosofía francesa   |9 255698 
650 0 |a Crítica e interpretación   |9 255042 
583 |a last modification  |c 19970117 00:00:00  |k Rodrigo Vera 
490 0 |a Colección Pensamiento, 29 
999 |c 255914  |d 255912 
952 |0 0  |1 2  |4 0  |6 194_000000000000000_SAG_1969  |7 0  |8 A  |9 278400  |a BIBTEO  |b BIBTEO  |d 2019-11-19  |i 2010356  |o 194 SAG 1969  |p 2010356  |r 2019-11-19  |w 2019-11-19  |x Descarte 2019  |y BK  |k ICR